जीवन जीना कैसे सीखे: (Record no. 211646)

MARC details
000 -LEADER
fixed length control field 00851nam a22001817a 4500
005 - DATE AND TIME OF LATEST TRANSACTION
control field 20250609110225.0
010 ## - LCCN (DPL NO)
LC control number HIN-129777
020 ## - INTERNATIONAL STANDARD BOOK NUMBER
International Standard Book Number 9789358191103
Terms of availability 242.00
035 ## - SYSTEM CONTROL NUMBER
System control number HN-102123
037 ## - SOURCE OF ACQUISITION
Source of stock number/acquisition DBAD/PUB
082 ## - DEWEY DECIMAL CLASSIFICATION NUMBER
Classification number 158.1
Edition number 1
100 ## - MAIN ENTRY--PERSONAL NAME
Personal name मन्नज्या, मनीष
245 ## - TITLE STATEMENT
Title जीवन जीना कैसे सीखे:
Remainder of title जीवन एक अभियान है इसे करीब से महसूस करें/
Statement of responsibility, etc मनीष मन्नज्या
260 ## - PUBLICATION, DISTRIBUTION, ETC. (IMPRINT)
Place of publication, distribution, etc नई दिल्ली
Name of publisher, distributor, etc ब्लू रोज वन
Date of publication, distribution, etc 2023
270 ## - ADDRESS
Address नई दिल्ली
City नई दिल्ली
Telephone number 91 8882898898
Electronic mail address info@bluerosepublishers.com
300 ## - PHYSICAL DESCRIPTION
Extent 148पृ.
Dimensions 20से.मी.(अजिल्द)
942 ## - ADDED ENTRY ELEMENTS (KOHA)
Source of classification or shelving scheme Dewey Decimal Classification
Item type Hindi Books
Classification part 158.1
Call number suffix मन्नज्या
Edition 1
Holdings
Withdrawn status Lost status Not for loan Collection code Home library Current library Date acquired Source of acquisition Cost, normal purchase price Full call number Barcode Copy number Cost, replacement price Koha item type
      Non-fiction Sarojini Nagar Sarojini Nagar 09/06/2025 DBAD 242.00 158.1 मन्नज्या HN-102123 1 242.00 Hindi Books

© Delhi Public Library
Hit Counter
free hit counter